Statistics for Scambigol's "90 Secs Countries of the World" quizzes

Click here to take the quiz!

General Stats

  • This quiz has been taken 72 times
  • The average score is 13 of 35

Answer Stats

Word% Correct
by
72%
letter
70%
First
68%
Last
60%
Two
60%
of
58%
Letters
54%
Capital
50%
Borders
48%
and
46%
2
42%
Alphabetical
42%
3
40%
4
40%
5
40%
Latitude
38%
Order
38%
same
38%
Country
36%
Distance
36%
Point
34%
Area
32%
Northernmost
28%
3rd
26%
2nd
24%
consecutive
24%
ending
24%
initial
24%
Transits
24%
4th
22%
any
22%
Rank
22%
sorted
20%
Vowels
20%
length
16%

Score Distribution

Percentile by Number Answered

Percent of People with Each Score

Your Score History

You have not taken this quiz